Największe miasta powiatów - quiz na mapie - Statystyki

Ogólne statystyki
  • Ten quiz został rozwiązany 1 199 razy
    1 087 od ostatniego zresetowania
  • Średni wynik to 83 z 379
Odpowiedzi na mapie
Odpowiedzi zakodowano w zielono-czerwonej skali na mapie do tego quizu, zgodnie z poniższymi procentami.
 
Statystyki odpowiedzi
Odpowiedź % Poprawnych
Warszawa
56%
Białystok
41%
Poznań
39%
Gdańsk
38%
Kraków
38%
Bydgoszcz
36%
Gdynia
36%
Łódź
36%
Radom
36%
Suwałki
36%
Zakopane
36%
Kielce
35%
Lublin
35%
Opole
35%
Toruń
35%
Wrocław
35%
Augustów
34%
Biała Podlaska
34%
Częstochowa
34%
Olsztyn
34%
Świnoujście
34%
Szczecin
34%
Zielona Góra
34%
Elbląg
33%
Kłodzko
33%
Nowy Sącz
33%
Płock
33%
Rzeszów
33%
Bielsko-Biała
32%
Gorzów Wielkopolski
32%
Koszalin
32%
Słupsk
32%
Tarnów
32%
Przemyśl
31%
Puck
31%
Sopot
31%
Zamość
31%
Chełm
30%
Grudziądz
30%
Konin
30%
Legnica
30%
Łomża
30%
Ostrołęka
30%
Siedlce
30%
Żywiec
30%
Bełchatów
29%
Cieszyn
29%
Jelenia Góra
29%
Kalisz
29%
Nowy Targ
29%
Piotrków Trybunalski
29%
Sandomierz
29%
Wałbrzych
29%
Włocławek
29%
Gniezno
28%
Kołobrzeg
28%
Krosno
28%
Tarnobrzeg
28%
Ustrzyki Dolne
28%
Zgorzelec
28%
Lębork
27%
Oświęcim
27%
Sejny
27%
Skierniewice
27%
Wieliczka
27%
Aleksandrów Kujawski
26%
Chojnice
26%
Gliwice
26%
Głubczyce
26%
Inowrocław
26%
Katowice
26%
Kutno
26%
Nowy Dwór Gdański
26%
Piła
26%
Police
26%
Sanok
26%
Wieluń
26%
Bartoszyce
25%
Bochnia
25%
Ełk
25%
Goleniów
25%
Gorlice
25%
Hajnówka
25%
Koło
25%
Leszno
25%
Malbork
25%
Pruszcz Gdański
25%
Rumia
25%
Starogard Gdański
25%
Szczecinek
25%
Tczew
25%
Biłgoraj
24%
Bolesławiec
24%
Braniewo
24%
Bytów
24%
Gołdap
24%
Hrubieszów
24%
Jasło
24%
Jastrzębie-Zdrój
24%
Jaworzno
24%
Kędzierzyn-Koźle
24%
Mielec
24%
Radomsko
24%
Rybnik
24%
Ustka
24%
Zawiercie
24%
Białogard
23%
Bielsk Podlaski
23%
Brzeg
23%
Busko-Zdrój
23%
Dąbrowa Górnicza
23%
Dębica
23%
Kamień Pomorski
23%
Kolno
23%
Kościerzyna
23%
Lesko
23%
Limanowa
23%
Myślenice
23%
Myszków
23%
Nysa
23%
Oborniki
23%
Ostrowiec Świętokrzyski
23%
Stargard
23%
Turek
23%
Zgierz
23%
Andrychów
22%
Brodnica
22%
Chrzanów
22%
Dąbrowa Tarnowska
22%
Giżycko
22%
Gostynin
22%
Grajewo
22%
Iława
22%
Jarosław
22%
Kartuzy
22%
Kępno
22%
Kwidzyn
22%
Legionowo
22%
Łosice
22%
Nowa Sól
22%
Olkusz
22%
Ostróda
22%
Pabianice
22%
Pruszków
22%
Pszczyna
22%
Sosnowiec
22%
Stalowa Wola
22%
Tarnowskie Góry
22%
Tomaszów Mazowiecki
22%
Tychy
22%
Wałcz
22%
Złotów
22%
Będzin
21%
Brzeziny
21%
Bytom
21%
Chełmno
21%
Człuchów
21%
Darłowo
21%
Głogów
21%
Grójec
21%
Jędrzejów
21%
Kazimierza Wielka
21%
Kętrzyn
21%
Końskie
21%
Krynica-Zdrój
21%
Lidzbark Warmiński
21%
Łowicz
21%
Lubin
21%
Nakło nad Notecią
21%
Namysłów
21%
Ostrów Wielkopolski
21%
Otwock
21%
Proszowice
21%
Prudnik
21%
Puławy
21%
Racibórz
21%
Rawa Mazowiecka
21%
Siemiatycze
21%
Sieradz
21%
Sucha Beskidzka
21%
Świebodzin
21%
Świecie
21%
Tomaszów Lubelski
21%
Tuchola
21%
Węgorzewo
21%
Wodzisław Śląski
21%
Września
21%
Wschowa
21%
Żory
21%
Blachownia
20%
Brzesko
20%
Ciechanów
20%
Działdowo
20%
Grodzisk Mazowiecki
20%
Gryfice
20%
Gryfino
20%
Janów Lubelski
20%
Kamienna Góra
20%
Kłobuck
20%
Kluczbork
20%
Kostrzyn nad Odrą
20%
Łańcut
20%
Łask
20%
Lubliniec
20%
Miechów
20%
Mińsk Mazowiecki
20%
Mońki
20%
Mrągowo
20%
Mysłowice
20%
Nowe Miasto Lubawskie
20%
Nowy Dwór Mazowiecki
20%
Oława
20%
Ostrzeszów
20%
Piaseczno
20%
Płońsk
20%
Polkowice
20%
Pułtusk
20%
Skarżysko-Kamienna
20%
Sokółka
20%
Szczytno
20%
Sztum
20%
Włodawa
20%
Włoszczowa
20%
Wolsztyn
20%
Wysokie Mazowieckie
20%
Zabrze
20%
Żnin
20%
Żyrardów
20%
Białobrzegi
19%
Brzozów
19%
Czechowice-Dziedzice
19%
Garwolin
19%
Golub-Dobrzyń
19%
Góra
19%
Kolbuszowa
19%
Kozienice
19%
Kraśnik
19%
Krasnystaw
19%
Łęczna
19%
Łęczyca
19%
Leżajsk
19%
Lubaczów
19%
Lubań
19%
Lubartów
19%
Lwówek Śląski
19%
Międzyrzecz
19%
Mikołów
19%
Mława
19%
Nidzica
19%
Nowy Tomyśl
19%
Olecko
19%
Oleśnica
19%
Opatów
19%
Opoczno
19%
Pisz
19%
Poddębice
19%
Przeworsk
19%
Pyrzyce
19%
Ruda Śląska
19%
Sierpc
19%
Skawina
19%
Słubice
19%
Słupca
19%
Sochaczew
19%
Środa Śląska
19%
Starachowice
19%
Strzelce Opolskie
19%
Świdnica
19%
Świdnik
19%
Szamotuły
19%
Trzcianka
19%
Wieruszów
19%
Ząbki
19%
Ząbkowice Śląskie
19%
Żagań
19%
Zambrów
19%
Żuromin
19%
Bieruń
18%
Chęciny
18%
Chełmża
18%
Chodzież
18%
Grodzisk Wielkopolski
18%
Jawor
18%
Łomianki
18%
Luboń
18%
Łuków
18%
Międzychód
18%
Milicz
18%
Nisko
18%
Pajęczno
18%
Piekary Śląskie
18%
Pińczów
18%
Radzyń Podlaski
18%
Ropczyce
18%
Śrem
18%
Środa Wielkopolska
18%
Strzelce Krajeńskie
18%
Szydłowiec
18%
Trzebnica
18%
Wągrowiec
18%
Żary
18%
Zduńska Wola
18%
Złotoryja
18%
Chorzów
17%
Choszczno
17%
Dęblin
17%
Dzierżoniów
17%
Gubin
17%
Jarocin
17%
Knurów
17%
Koluszki
17%
Kościan
17%
Krapkowice
17%
Mogilno
17%
Olesno
17%
Ostrów Mazowiecka
17%
Przasnysz
17%
Przysucha
17%
Rawicz
17%
Sokołów Podlaski
17%
Solec Kujawski
17%
Staszów
17%
Świdwin
17%
Świętochłowice
17%
Szczebrzeszyn
17%
Węgrów
17%
Barlinek
16%
Biskupiec
16%
Brześć Kujawski
16%
Gostyń
16%
Kowary
16%
Krotoszyn
16%
Łapy
16%
Lipno
16%
Łobez
16%
Maków Mazowiecki
16%
Międzyrzec Podlaski
16%
Parczew
16%
Pasłęk
16%
Pionki
16%
Pleszew
16%
Radziejów
16%
Rejowiec Fabryczny
16%
Rypin
16%
Sępólno Krajeńskie
16%
Siemianowice Śląskie
16%
Strzelin
16%
Strzyżów
16%
Wąbrzeźno
16%
Wyszków
16%
Zwoleń
16%
Boguszów-Gorce
15%
Głogów Małopolski
15%
Lipsko
15%
Nowa Dęba
15%
Sulęcin
15%
Czerwionka-Leszczyny
14%
Mordy
14%
Ozimek
14%
Sianów
14%
Sulechów
14%
Sulejów
14%
Rydzyna
13%
Siechnice
13%
Złocieniec
13%
Bełżyce
12%
Bolimów
12%
Brzeg Dolny
12%
Chojnów
12%
Dubiecko
12%
Gąbin
12%
Opatówek
12%
Poniatowa
12%
Tuchów
12%
Golina
11%
Jedlicze
11%
Łasin
11%
Myszyniec
11%
Nowogród
11%
Nie znaleziono quizów pasujących do podanych kryteriów
Rozkład punktacji
Procent ludzi z każdym wynikiem
Percentyl według liczby udzielonych odpowiedzi
Twoja historia wyników
Nie rozwiązałeś tego quizu od ostatniego zresetowania